000 00768nas a2200253 4500
001 BR9506447
003 BR-BrBNA
005 20231205094217.0
007 ta
008 230509b bl.|||p| |||| 00| 00por d
040 _aBR-BrBNA
_bpor
_cBiblioteca Nacional de Agricultura
041 _a(Pt)
072 _aF08
100 1 _aFerrari, E.
100 1 _aDobereiner, J.
245 1 _aEfeito do revestimento calcareo das sementes de leguminosas forrageiras plantadas em consorciacao com gramineas
650 _aCentrosema
650 _aSoja Perene
650 _aCapim Pangola
650 _aConsorciacao de Cultura
773 0 _tAgronomia (Brazil)
_x
_g(Jan-Dec 1966), v. 24 p. 5-13
_wBR9506447
909 _a202311
_bLúcia
_c55
_dLúcia Elande
942 _2AGRIS
_n0
_cANA
999 _c142790
_d142790